Humoral innate immunity and the acute phase response
Saved in:
| 其他作者: | |
|---|---|
| 格式: | 电子 |
| 语言: | English |
| 出版: |
London :
Henry Stewart Talks,
2012.
|
| 丛编: | Henry Stewart talks. Biomedical & life sciences collection. Cytokines.
|
| 主题: | |
| 标签: |
添加标签
没有标签, 成为第一个标记此记录!
|
| LEADER | 01451ngm a22003015a 4500 | ||
|---|---|---|---|
| 001 | 014242575-3 | ||
| 005 | 20150116184923.0 | ||
| 006 | m|||||o||c|||||||| | ||
| 008 | 130125s2012 enk|||||||||||o|||v|eng d | ||
| 035 | |a (HSTalks)HST3219_1_2_20141204 | ||
| 040 | |a UKHST |c UKHST | ||
| 040 | |a HSTalks |b eng |c HSTalks | ||
| 100 | 1 | |a Mantovani, Alberto. |4 spk | |
| 245 | 1 | 0 | |a Humoral innate immunity and the acute phase response |h [electronic resource] / |c Alberto Mantovani. |
| 260 | |a London : |b Henry Stewart Talks, |c 2012. | ||
| 300 | |a 1 streaming video file (34 min.) : |b digital, mono., SWF file, sd., col. | ||
| 490 | 1 | |a Cytokines : intercellular mediators regulating host defense | |
| 500 | |a Animated audio-visual presentation with synchronized narration. | ||
| 500 | |a Title from title frames. | ||
| 505 | 0 | |a Contents: Sensing pathogens and damaged tissues -- Complement system activation and regulation -- The classical, lectin, and alternative pathways -- The MASP family -- Collectins -- The pentraxin superfamily -- The PTX3 pentraxin function in innate immunity and inflammation -- Macrophage polarization -- Neutrophil extracellular traps. | |
| 650 | 0 | 0 | |a Cytokines. |
| 650 | 0 | 0 | |a Natural immunity. |
| 650 | 0 | 2 | |a Cytokines |x immunology. |
| 650 | 0 | 2 | |a Immunity, Humoral |x immunology. |
| 650 | 0 | 2 | |a Immunity, Innate |x immunology. |
| 830 | 0 | |a Henry Stewart talks. |p Biomedical & life sciences collection. |p Cytokines. | |
| 988 | |a 20141204 | ||
| 906 | |0 OCLC | ||